| 000 | 00419cam a22001097a 4500 | ||
|---|---|---|---|
| 008 | 180718b1971 xxu||||| |||| 00| 0 eng d | ||
| 082 | _aK8501x42 Un3a | ||
| 245 |
_aAllocation of pension: explanatory memorandum rules for male retiring officers _cby Civil Service Department, United Kingdom |
||
| 260 |
_aLondon _bHer Majesty's Stationery Office _c1971 |
||
| 300 | _a29p. | ||
| 700 | _aUnited Kingdom. Civil Service Department | ||
| 999 |
_c500218 _d500218 |
||